| 000 | 01256nas1a22003131i 4500 | ||
|---|---|---|---|
| 001 | RU\NLR\INFOCOMM10\1000132597 | ||
| 005 | 20240921155009.0 | ||
| 035 | _a(NLR Aleph) 002638017 | ||
| 090 |
_a3761083 _c3761083 |
||
| 100 | _a20040115b19591961|||y0rusy50 ca | ||
| 101 | 0 | _arus | |
| 102 | _aRU | ||
| 110 | _aayu||||0|y0 | ||
| 200 | 1 |
_aТехнический листок _fВолог. сов. нархоз. БТИ |
|
| 210 |
_aВологда _d1959-1961 |
||
| 225 | 1 | _aОбмен производственным опытом | |
| 430 | 1 |
_12001#$aИнформационный листок _tИнформационный листок |
|
| 710 | 0 | 2 |
_aВологодский совет народного хозяйства _bБюро технической информации _9662159 _3RU\NLR\AUTH\880501163 |
| 801 | 1 |
_aRU _bInfoComm _c20040115 |
|
| 801 | 0 |
_aRU _bNLR _gPSBO |
|
| 852 |
_aNLR _jП49/695 |
||
| 942 | _cJOURNAL | ||
| 980 | _aRUSPER | ||